|
|
|
|
| LEADER |
00553nam a22001457a 4500 |
| 020 |
|
|
|a 9788176380874
|
| 082 |
|
|
|a 361.245483
|b BAL.K
|
| 100 |
|
|
|a Balakrishna Pillai, Kesari.
|
| 245 |
|
|
|a Kesariyude charithra gaveshanangal :
|b Ayodya Lanka Sabarimala /
|c by M N Vijayan.
|
| 260 |
|
|
|a Trivandrum :
|b State institute of language,
|c 2012.
|
| 300 |
|
|
|a 333 p.
|
| 650 |
|
|
|a social reform
|
| 942 |
|
|
|c BK
|
| 999 |
|
|
|c 315951
|d 315951
|
| 952 |
|
|
|0 0
|1 0
|4 0
|6 361_245483000000000_BAL_K
|7 0
|8 MAL
|9 337934
|a POL
|b POL
|c GEN
|d 2020-12-02
|l 0
|o 361.245483 BAL.K
|p POL21342
|r 2020-12-02
|w 2020-12-02
|y BK
|